000
00291nam a2200109Ia 4500
001
588966
005
20250717120840.0
008
250717s9999 xx 000 0 und d
245
0
_a
U-9 REZZAK ALLAHIM
_c
ZEYNEP SEVİNÇ EREN
260
_b
TÜRKİYE DİYANET VAKFI YAYINLARI
_c
2020
300
_b
21
999
_c
588966
_d
588966